000 00780nam a22002297a 4500
999 _c5357
_d5357
003 AR-CdUCM
008 190312b ||||| |||| 00| 0 spa d
040 _aMUNICIPALIDAD PROVINCIAL DEL CUSCO
_cBIBLIOTECA MUNICIPAL DEL CUSCO
082 _a340.92 /
_bW78
100 _aWolf, E
_916165
245 _aRudolf von Ihering :
_bOtto con Gierke /
260 _aMadrid :
_bEditorial Revista de Derecho Privado,
_c1950.
300 _a124 paginas ;
_c19 cm.
500 _aDonación de la familia Nieto.
505 _aContenido :Preliminar -- Rudolf von ihering -- Otto von gierke -- preliminar.
650 _aAbogados
_910136
650 _aAlemania
_91327
650 _aBiografía
_922
700 _aTruyol Serra, Antonio (traductor)
_916166
942 _2ddc
_cLIBROS
945 _arum